[Event "BL 8485 Enger-HSK"]
[Site "?"]
[Date "1985.??.??"]
[Round "?.6"]
[White "Stertenbrink, G."]
[Black "Cordes, H."]
[Result "1-0"]
[WhiteElo "2225"]
[BlackElo "2275"]
[PlyCount "91"]
[EventDate "1985.??.??"]

1. e4 c5 2. Nf3 d6 3. d4 cxd4 4. Nxd4 Nf6 5. Nc3 a6 6. h3 e6 7. g4 b5 8. a3 Bb7
9. Bg2 d5 10. exd5 Nxd5 11. Nde2 Bc5 12. Nxd5 Bxd5 13. Bxd5 exd5 14. Nf4 O-O
15. Nxd5 Ra7 16. Ne3 Qf6 17. O-O Rd7 18. Qe2 Nc6 19. Nf5 Rfd8 20. a4 g6 21.
axb5 axb5 22. Nh6+ Kh8 23. Qxb5 Qd6 24. Qd3 Nd4 25. b4 Bb6 26. Bb2 f6 27. Bxd4
Bxd4 28. Qb3 Qf4 29. Nf7+ Rxf7 30. Qxf7 Qg3+ 31. Kh1 Qxh3+ 32. Kg1 Qxg4+ 33.
Kh1 Qf3+ 34. Kg1 Be5 35. Qe6 Qf4 36. Qh3 Bxa1 37. Rxa1 Qxb4 38. Ra7 Qe1+ 39.
Kg2 Qe4+ 40. Kh2 Qe5+ 41. Kg2 Qe4+ 42. Kh2 Qf4+ 43. Kg2 h5 44. Qg3 Qe4+ 45. Kh2
Qxc2 46. Qf4 1-0

[Event "BL 8485 Enger-HSK"]
[Site "?"]
[Date "1985.??.??"]
[Round "?.7"]
[White "Zieher, H."]
[Black "Kunsztowicz, U."]
[Result "1/2-1/2"]
[WhiteElo "2235"]
[BlackElo "2350"]
[PlyCount "66"]
[EventDate "1985.??.??"]

1. e4 c5 2. Nf3 d6 3. d4 cxd4 4. Nxd4 Nf6 5. Nc3 Nc6 6. g3 Nxd4 7. Qxd4 g6 8.
Bg2 Bg7 9. Be3 O-O 10. Qd2 Ng4 11. Bf4 Be6 12. O-O Re8 13. Nd5 Bxb2 14. Rab1
Bg7 15. Rxb7 Ne5 16. Qb4 Bxd5 17. exd5 Qc8 18. Rc1 Rb8 19. Rxb8 Qxb8 20. Qa4
Rc8 21. Bf1 h5 22. c4 Qb2 23. Kg2 Ng4 24. Qc2 Qb7 25. h3 Ne5 26. Qb3 Qc7 27.
Be3 Nd7 28. Qa3 Rb8 29. Qxa7 Qxa7 30. Bxa7 Ra8 31. Be3 Rxa2 32. Rb1 Rb2 33.
Rxb2 Bxb2 1/2-1/2

[Event "BL 8485 Braunschweig-Delmenhorst"]
[Site "?"]
[Date "1985.??.??"]
[Round "?.1"]
[White "Meyer, H."]
[Black "Eng, H."]
[Result "0-1"]
[WhiteElo "2245"]
[BlackElo "2345"]
[PlyCount "102"]
[EventDate "1985.??.??"]

1. d4 d5 2. c4 e6 3. Nf3 Nf6 4. Bg5 Be7 5. Nc3 O-O 6. e3 Nbd7 7. Bd3 c6 8. O-O
dxc4 9. Bxc4 Nd5 10. Bxe7 Qxe7 11. Ne4 b6 12. Ng3 Bb7 13. e4 Nc7 14. Qe2 c5 15.
Rad1 cxd4 16. Nxd4 Ne5 17. Rc1 Nxc4 18. Qxc4 Na6 19. Rfd1 Rfc8 20. Qb3 Rxc1 21.
Rxc1 Qg5 22. Qc3 h5 23. Nf3 Qh6 24. h4 Nc5 25. Re1 g6 26. b4 Na6 27. Rd1 Qg7
28. Qd2 Bc6 29. Rc1 Be8 30. a3 Qf6 31. Qd3 Qb2 32. Ne2 b5 33. Kf1 Rb8 34. e5
Qa2 35. Ng5 Qd5 36. Qe3 Rc8 37. Nf3 Rxc1+ 38. Qxc1 Bc6 39. Nf4 Qd7 40. Ng5 Nc7
41. Qc2 Qd4 42. g3 Qa1+ 43. Ke2 Qxe5+ 44. Kf1 Bd5 45. Qc1 Bc4+ 46. Kg1 Nd5 47.
Nfh3 Nc3 48. Qd2 Nd5 49. Kh2 Qa1 50. Nf3 Qxa3 51. Qh6 Qxf3 0-1

[Event "BL 8485 Koblenz-Solingen"]
[Site "?"]
[Date "1985.??.??"]
[Round "?.1"]
[White "Lobron, E."]
[Black "Schulz, KJ."]
[Result "1-0"]
[WhiteElo "2495"]
[BlackElo "2355"]
[PlyCount "57"]
[EventDate "1985.??.??"]

1. e4 c5 2. Nf3 e6 3. d4 cxd4 4. Nxd4 Nf6 5. Nc3 d6 6. g4 a6 7. g5 Nfd7 8. h4
b5 9. a3 Nb6 10. h5 e5 11. Nf5 d5 12. h6 gxh6 13. Nxh6 d4 14. Ne2 Nc6 15. Ng3
Be6 16. Nh5 Kd7 17. Qf3 Bxh6 18. Nf6+ Kc8 19. Rxh6 Nd7 20. Bh3 Nxf6 21. Rxf6
Kb7 22. Bxe6 fxe6 23. a4 Qd6 24. Rf7+ Kb6 25. a5+ Nxa5 26. Rxa5 Kxa5 27. Rb7 d3
28. Bd2+ Ka4 29. Qd1 1-0

[Event "BL 8485 Koblenz-Solingen"]
[Site "?"]
[Date "1985.??.??"]
[Round "?.2"]
[White "Wolf, V."]
[Black "Lau, R."]
[Result "1-0"]
[WhiteElo "2315"]
[BlackElo "2400"]
[PlyCount "107"]
[EventDate "1985.??.??"]

1. Nf3 Nf6 2. d4 e6 3. c4 a6 4. Nc3 c5 5. g3 cxd4 6. Nxd4 Qc7 7. Bg2 Qxc4 8.
O-O Nc6 9. Nxc6 bxc6 10. Bf4 d5 11. Rc1 Qb4 12. a3 Qa5 13. e4 Be7 14. exd5 exd5
15. Na4 Qb5 16. Qc2 Be6 17. Rfe1 O-O 18. Bf1 Qa5 19. b4 Qd8 20. Qxc6 Ne4 21.
Nb6 Ra7 22. Red1 Nf6 23. Be5 a5 24. Bxf6 Bxf6 25. Nxd5 axb4 26. axb4 Bxd5 27.
Rxd5 Qe7 28. b5 Ra2 29. b6 Rb2 30. Rb5 Rd2 31. b7 Rdd8 32. Qc7 Qe8 33. Rcb1 Rb8
34. Bh3 Qd8 35. Qxd8 Rfxd8 36. Rc1 Be7 37. Rc8 g6 38. Rd5 Rf8 39. Rxb8 Rxb8 40.
Bc8 Kf8 41. Kf1 Ke8 42. Ke2 Bd8 43. Kd3 Bb6 44. f3 h5 45. g4 h4 46. h3 Bc7 47.
Kc4 f6 48. Kb5 Bg3 49. Kc6 g5 50. Ra5 Ke7 51. Ra8 Bf4 52. Ra4 Bg3 53. Re4+ Kf7
54. Kd7 1-0

[Event "BL 8485 Koblenz-Solingen"]
[Site "?"]
[Date "1985.??.??"]
[Round "?.3"]
[White "Borik, O."]
[Black "Doncevic, D."]
[Result "1/2-1/2"]
[WhiteElo "2370"]
[BlackElo "2360"]
[PlyCount "101"]
[EventDate "1985.??.??"]

1. e4 c5 2. Nf3 Nc6 3. d4 cxd4 4. Nxd4 Nf6 5. Nc3 d6 6. Bc4 e6 7. Be3 a6 8. Qe2
Qc7 9. O-O-O Na5 10. Bd3 b5 11. Bg5 Be7 12. f4 b4 13. Nb1 e5 14. Nf5 Bxf5 15.
exf5 b3 16. Nc3 bxa2 17. Nxa2 Nb3+ 18. Kb1 Nd4 19. Qd2 Rb8 20. Nb4 O-O 21. c3
Nb3 22. Qe2 Qa5 23. Bc4 Qa4 24. Bxb3 Qxb3 25. Nc6 Ne4 26. Nxe7+ Kh8 27. Nd5
Qxd5 28. Rxd5 Nxc3+ 29. Ka1 Nxe2 30. Be7 Nxf4 31. Bxf8 Nxd5 32. Bxd6 Re8 33.
Rc1 h5 34. Rc5 Ne3 35. Bxe5 f6 36. Bc3 Nxg2 37. Ra5 Nh4 38. Rxa6 Nxf5 39. Ra5
Nd6 40. Rxh5+ Kg8 41. Rd5 Ne4 42. Be1 Kf7 43. Rd7+ Re7 44. Rxe7+ Kxe7 45. Ka2
f5 46. Kb3 f4 47. Kc4 f3 48. Kd3 f2 49. Bb4+ Ke6 50. Ke2 Kd5 51. Ba5 1/2-1/2

[Event "BL 8485 Koblenz-Solingen"]
[Site "?"]
[Date "1985.??.??"]
[Round "?.4"]
[White "Weidemann, J."]
[Black "Dueball, J."]
[Result "0-1"]
[WhiteElo "2290"]
[BlackElo "2445"]
[PlyCount "66"]
[EventDate "1985.??.??"]

1. e4 c5 2. c3 e6 3. d4 d5 4. e5 Qb6 5. Nf3 Bd7 6. a3 cxd4 7. cxd4 Bb5 8. Bxb5+
Qxb5 9. Nc3 Qa6 10. Qe2 Bb4 11. Bd2 Bxc3 12. Bxc3 Qxe2+ 13. Kxe2 Nc6 14. g4
Nge7 15. Nh4 O-O 16. f4 f5 17. exf6 Rxf6 18. Raf1 Raf8 19. Ng2 Ng6 20. Ke3 e5
21. dxe5 Ngxe5 22. h3 d4+ 23. Bxd4 Nc4+ 24. Kd3 Nxd4 25. Kxd4 Rc8 26. Rd1 Nxb2
27. Rc1 Rd6+ 28. Ke5 Rcd8 29. Ne1 b5 30. Rc3 Nc4+ 31. Ke4 Re8+ 32. Kf3 Nd2+ 33.
Kg2 Re2+ 0-1

[Event "BL 8485 Koblenz-Solingen"]
[Site "?"]
[Date "1985.??.??"]
[Round "?.5"]
[White "Werner, D."]
[Black "Schlick, V."]
[Result "1/2-1/2"]
[WhiteElo "2365"]
[BlackElo "2320"]
[PlyCount "93"]
[EventDate "1985.??.??"]

1. Nf3 c5 2. g3 Nc6 3. Bg2 g6 4. O-O Bg7 5. e4 d6 6. c3 Nf6 7. Re1 O-O 8. d3 e5
9. Nbd2 h6 10. a3 Kh7 11. b4 Nh5 12. Bb2 Be6 13. b5 Ne7 14. d4 Qd7 15. a4 Rad8
16. Qe2 Bh3 17. Bxh3 Qxh3 18. dxc5 dxc5 19. Nc4 Qe6 20. Ne3 f5 21. exf5 Nxf5
22. Nxf5 Qxf5 23. Nh4 Qd3 24. c4 Rfe8 25. Qxd3 Rxd3 26. Rad1 Rb3 27. Ba1 Re7
28. f4 e4 29. Bxg7 Nxg7 30. Rd5 b6 31. Rd6 Nf5 32. Nxf5 gxf5 33. a5 bxa5 34.
Red1 Kg7 35. Rd7 Kf7 36. R1d5 e3 37. Rxe7+ Kxe7 38. Kf1 a4 39. Rxc5 Kd7 40. Rc6
Rb2 41. Ra6 Rxh2 42. c5 Rc2 43. Rxa7+ Ke6 44. c6 Kd5 45. Rxa4 Kc5 46. Ra3 e2+
47. Ke1 1/2-1/2

[Event "BL 8485 Koblenz-Solingen"]
[Site "?"]
[Date "1985.??.??"]
[Round "?.6"]
[White "Brueckner, T."]
[Black "Borngaesser, R."]
[Result "1/2-1/2"]
[WhiteElo "2265"]
[BlackElo "2335"]
[PlyCount "73"]
[EventDate "1985.??.??"]

1. d4 f5 2. Nf3 Nf6 3. g3 g6 4. Bg2 Bg7 5. O-O O-O 6. Nbd2 d6 7. Re1 Nc6 8. c3
Nh5 9. e4 f4 10. e5 d5 11. Qb3 Na5 12. Qa4 c6 13. b4 Nc4 14. Nxc4 b5 15. Qa5
bxc4 16. Qxd8 Rxd8 17. e6 fxg3 18. hxg3 Nf6 19. Ng5 Re8 20. a4 a6 21. f3 Rf8
22. Bh3 Ne8 23. Nf7 Nc7 24. Bg5 Bxe6 25. Bxe6 Nxe6 26. Rxe6 Rxf7 27. f4 a5 28.
b5 cxb5 29. axb5 Bf6 30. Bh6 Bg7 31. Bxg7 Kxg7 32. Ra6 Rb8 33. R1xa5 Rf6 34.
Kg2 Rxb5 35. Rxb5 Rxa6 36. Rxd5 Ra3 37. Re5 1/2-1/2

[Event "BL 8485 Zähringen-Bochum"]
[Site "?"]
[Date "1985.??.??"]
[Round "?.2"]
[White "Herbrechtsmeier, C."]
[Black "Sehner, N."]
[Result "1/2-1/2"]
[WhiteElo "2325"]
[BlackElo "2315"]
[PlyCount "101"]
[EventDate "1985.??.??"]

1. e4 c5 2. Nf3 d6 3. d4 cxd4 4. Nxd4 Nf6 5. Nc3 g6 6. Be3 Bg7 7. f3 Nc6 8. Qd2
O-O 9. g4 Nxd4 10. Bxd4 Qa5 11. O-O-O Be6 12. a3 Rfc8 13. h4 a6 14. h5 b5 15.
h6 Bh8 16. Nd5 Qxd2+ 17. Rxd2 Bxd5 18. exd5 Rc7 19. Bh3 Nd7 20. f4 Bxd4 21.
Rxd4 Rac8 22. Rh2 Rc4 23. Rhd2 f6 24. g5 f5 25. Bf1 Rxd4 26. Rxd4 Nb6 27. b3
Rc5 28. Bg2 Kf7 29. Kd2 e5 30. dxe6+ Kxe6 31. Rd3 a5 32. Re3+ Kd7 33. Rd3 Ke6
34. Rd4 Rc7 35. Bf1 Rc5 36. b4 axb4 37. Rxb4 Nd5 38. Rxb5 Rxb5 39. Bxb5 Nxf4
40. a4 d5 41. a5 Kd6 42. Be8 Kc5 43. Ke3 Ne6 44. Bxg6 f4+ 45. Kd3 Nxg5 46. Bf5
Kb5 47. Kd4 f3 48. Kxd5 f2 49. Bd3+ Kxa5 50. c4 Kb6 51. c5+ 1/2-1/2

[Event "BL 8485 Zähringen-Bochum"]
[Site "?"]
[Date "1985.??.??"]
[Round "?.3"]
[White "Budde, V."]
[Black "Schuh, H."]
[Result "1-0"]
[WhiteElo "2360"]
[BlackElo "2310"]
[PlyCount "59"]
[EventDate "1985.??.??"]

1. e4 c5 2. Nf3 e6 3. d4 cxd4 4. Nxd4 Nf6 5. Nc3 d6 6. g4 h6 7. h3 Nc6 8. Be3
d5 9. Bb5 Bd7 10. exd5 Nxd5 11. Nxd5 exd5 12. Qf3 Qa5+ 13. c3 a6 14. Bxc6 bxc6
15. Qe2 Be7 16. O-O Kf8 17. Bf4 Re8 18. b4 Qb6 19. Qf3 Kg8 20. Rfe1 a5 21. a3
Bd8 22. Rxe8+ Bxe8 23. Nb3 axb4 24. axb4 Bf6 25. Be3 Qb8 26. Bd4 Bg5 27. Re1 h5
28. Qf5 Bh4 29. g5 Qd8 30. Qe5 1-0

[Event "BL 8485 Zähringen-Bochum"]
[Site "?"]
[Date "1985.??.??"]
[Round "?.4"]
[White "Vatter, H."]
[Black "Backwinkel, P."]
[Result "0-1"]
[WhiteElo "2250"]
[BlackElo "2330"]
[PlyCount "64"]
[EventDate "1985.??.??"]

1. d4 Nf6 2. Nc3 c5 3. d5 g6 4. e4 d6 5. Bb5+ Bd7 6. a4 Bg7 7. Nf3 Na6 8. O-O
Nc7 9. Be2 O-O 10. Nd2 a6 11. f4 b5 12. Bf3 b4 13. Ne2 e6 14. dxe6 Bxe6 15. f5
gxf5 16. exf5 Bd5 17. Nf4 Bxf3 18. Qxf3 d5 19. Nh5 Nxh5 20. Qxh5 Ne8 21. g4 Nf6
22. Qh3 Re8 23. g5 Ne4 24. f6 Bf8 25. Qh5 c4 26. Nxe4 Rxe4 27. Bd2 Qd7 28. Kh1
Rae8 29. Rf3 Qg4 30. Qxg4 Rxg4 31. Raf1 Re2 32. R1f2 Bc5 0-1

[Event "BL 8485 Zähringen-Bochum"]
[Site "?"]
[Date "1985.??.??"]
[Round "?.5"]
[White "Beckemeyer, W."]
[Black "Miltner, A."]
[Result "1/2-1/2"]
[WhiteElo "2325"]
[BlackElo "2280"]
[PlyCount "53"]
[EventDate "1985.??.??"]

1. e4 c5 2. Nf3 Nc6 3. d4 cxd4 4. Nxd4 Nf6 5. Nc3 e6 6. Ndb5 Bb4 7. a3 Bxc3+ 8.
Nxc3 d5 9. exd5 exd5 10. Bd3 O-O 11. O-O d4 12. Ne2 h6 13. Bf4 Qd5 14. c4 dxc3
15. Nxc3 Qd4 16. Qf3 Bg4 17. Qg3 Nh5 18. Qxg4 Nxf4 19. Be4 Qf6 20. g3 Ne6 21.
Rad1 Rad8 22. Bxc6 bxc6 23. Qa4 Qf3 24. Qxa7 Ng5 25. h4 Nh3+ 26. Kh2 Nf4 27.
gxf4 1/2-1/2

[Event "BL 8485 Zähringen-Bochum"]
[Site "?"]
[Date "1985.??.??"]
[Round "?.6"]
[White "Bassler, M."]
[Black "Sonntag, H."]
[Result "0-1"]
[WhiteElo "2290"]
[BlackElo "2305"]
[PlyCount "132"]
[EventDate "1985.??.??"]

1. Nf3 Nf6 2. b3 d5 3. Bb2 Bf5 4. g3 e6 5. Bg2 Be7 6. d3 O-O 7. O-O c5 8. Nbd2
Nc6 9. Nh4 Bg4 10. h3 Bh5 11. g4 Ne8 12. Nhf3 Bg6 13. e4 Nc7 14. Ne5 Nxe5 15.
Bxe5 Bd6 16. Bxd6 Qxd6 17. f4 f6 18. f5 Bf7 19. fxe6 Bxe6 20. exd5 Bxd5 21. Ne4
Bxe4 22. Bxe4 Qd4+ 23. Kh1 Nd5 24. Qf3 Rad8 25. a3 b6 26. Rae1 g6 27. h4 Ne7
28. Bb7 Qd7 29. Qe4 Nd5 30. Qe6+ Kg7 31. Bc6 Qxe6 32. Rxe6 Rf7 33. Rfe1 Nc7 34.
Re7 Rd4 35. R1e4 Rxe4 36. Rxe4 f5 37. gxf5 gxf5 38. Re2 Kf6 39. Kh2 Rg7 40. Rg2
Rxg2+ 41. Kxg2 Ne6 42. Ba4 Ke5 43. Kf2 Kf4 44. c3 Kg4 45. Bd7 Ng7 46. d4 cxd4
47. cxd4 Kxh4 48. Kf3 Kg5 49. b4 Kf6 50. Kf4 h5 51. a4 Ne6+ 52. Ke3 Nc7 53. Bc6
Ke6 54. Bf3 h4 55. Kd3 Kd6 56. Kc4 h3 57. Bh1 h2 58. d5 Ke5 59. a5 Kd6 60. axb6
axb6 61. Bg2 b5+ 62. Kd4 Na6 63. Kc3 Ke5 64. Bh1 Nc7 65. d6 Kxd6 66. Kd4 Na6
0-1

[Event "BL 8485 Zähringen-Bochum"]
[Site "?"]
[Date "1985.??.??"]
[Round "?.7"]
[White "Ackermann, H."]
[Black "Raupp, T."]
[Result "1/2-1/2"]
[WhiteElo "2255"]
[BlackElo "2275"]
[PlyCount "45"]
[EventDate "1985.??.??"]

1. e4 c5 2. Nf3 e6 3. Nc3 a6 4. g3 Nc6 5. Bg2 Nge7 6. O-O d6 7. Ne2 Bd7 8. c3
c4 9. b3 b5 10. d4 cxd3 11. Qxd3 Nc8 12. Rd1 Be7 13. Ba3 Ra7 14. Ned4 O-O 15.
e5 Nxe5 16. Nxe5 dxe5 17. Nc6 Bxc6 18. Qxd8 Rxd8 19. Bxe7 Rxd1+ 20. Rxd1 Rd7
21. Rxd7 Bxd7 22. Bc5 a5 23. Bb7 1/2-1/2

[Event "BL 8485 Solingen-Zähringen"]
[Site "?"]
[Date "1985.??.??"]
[Round "?.2"]
[White "Lau, R."]
[Black "Herbrechtsmeier, C."]
[Result "1/2-1/2"]
[WhiteElo "2400"]
[BlackElo "2325"]
[PlyCount "68"]
[EventDate "1985.??.??"]

1. Nf3 d5 2. c4 e6 3. d4 c5 4. cxd5 exd5 5. g3 Nc6 6. Bg2 Nf6 7. O-O Be7 8. Bg5
O-O 9. dxc5 Bxc5 10. Ne1 Be7 11. Nc3 d4 12. Bxf6 Bxf6 13. Ne4 Re8 14. Nd3 Bf5
15. Nec5 Qb6 16. Rc1 Rac8 17. Re1 h6 18. Qa4 Re7 19. a3 Ne5 20. b4 g5 21. Ne4
Rce8 22. Qa5 Qxa5 23. Nxf6+ Kf8 24. bxa5 Nxd3 25. Nxe8 Nxc1 26. Rxc1 Kxe8 27.
Kf1 Kd8 28. Rc5 Be6 29. Ke1 Rc7 30. Rxc7 Kxc7 31. Kd2 Bc4 32. e3 dxe3+ 33. Kxe3
Ba6 34. f4 Kd6 1/2-1/2

[Event "BL 8485 Solingen-Zähringen"]
[Site "?"]
[Date "1985.??.??"]
[Round "?.3"]
[White "Schuh, H."]
[Black "Borik, O."]
[Result "1/2-1/2"]
[WhiteElo "2310"]
[BlackElo "2370"]
[PlyCount "104"]
[EventDate "1985.??.??"]

1. d4 Nf6 2. c4 e5 3. dxe5 Ng4 4. Bf4 Nc6 5. Nf3 Bb4+ 6. Nbd2 Qe7 7. a3 Ngxe5
8. Nxe5 Nxe5 9. e3 Bxd2+ 10. Qxd2 O-O 11. c5 Re8 12. Rc1 c6 13. Be2 b6 14. b4
a5 15. cxb6 axb4 16. axb4 Ba6 17. Bxa6 Rxa6 18. O-O Rxb6 19. Bxe5 Qxe5 20. Qxd7
Rxb4 21. Rxc6 g6 22. Rc8 Rxc8 23. Qxc8+ Kg7 24. h3 Rb2 25. Qc6 Rd2 26. g3 Qb2
27. Kg2 h5 28. Qe4 Rd6 29. Rb1 Qe2 30. Qf3 Qc2 31. Rb4 Qa2 32. Rd4 Rf6 33. Rf4
Rb6 34. Qe4 Qb3 35. Qd4+ Kg8 36. Qc4 Qxc4 37. Rxc4 Rb2 38. Rc5 Kg7 39. g4 hxg4
40. hxg4 Kf6 41. Rc6+ Ke7 42. Kg3 g5 43. Kf3 f6 44. Kg3 Kf7 45. f4 gxf4+ 46.
exf4 Rb1 47. Rc7+ Kg6 48. f5+ Kh6 49. Rf7 Rb3+ 50. Kf4 Rb4+ 51. Kf3 Rb3+ 52.
Ke4 Rb4+ 1/2-1/2

[Event "BL 8485 Solingen-Zähringen"]
[Site "?"]
[Date "1985.??.??"]
[Round "?.4"]
[White "Dueball, J."]
[Black "Vatter, H."]
[Result "1-0"]
[WhiteElo "2445"]
[BlackElo "2250"]
[PlyCount "115"]
[EventDate "1985.??.??"]

1. e4 Nf6 2. e5 Ng8 3. d4 d5 4. Bd3 c5 5. dxc5 e6 6. Nf3 Bxc5 7. O-O Ne7 8.
Nbd2 Nec6 9. Nb3 Be7 10. Re1 Nd7 11. Nbd4 Nc5 12. c3 Nxd3 13. Qxd3 Bd7 14. Be3
O-O 15. Nxc6 bxc6 16. b4 a5 17. Bc5 h6 18. Qd4 axb4 19. cxb4 Bxc5 20. Qxc5 Ra4
21. a3 Qa8 22. Re3 Rb8 23. Rb3 Qa7 24. Qxa7 Rxa7 25. Nd4 Ra4 26. Rc1 Rba8 27.
Rcc3 c5 28. Rxc5 Rxa3 29. Rb1 Rd3 30. Nf3 Rb3 31. Rcc1 Rxb1 32. Rxb1 f6 33. h4
Rb8 34. Kh2 Kf7 35. Kg3 Bb5 36. Rb2 Rb7 37. Kf4 Ba4 38. Ne1 g5+ 39. hxg5 hxg5+
40. Ke3 Bb5 41. f4 gxf4+ 42. Kxf4 Rc7 43. Rc2 Bc4 44. Nf3 Rb7 45. Rb2 Rb8 46.
g4 Rf8 47. b5 Ke7 48. b6 Ba6 49. Nd4 Bb7 50. Rc2 Rc8 51. Rxc8 Bxc8 52. Nc6+ Kf7
53. Nd8+ Kg6 54. Nxe6 d4 55. Nxd4 fxe5+ 56. Kxe5 Kg5 57. Ne6+ Kxg4 58. Nc5 1-0

[Event "BL 8485 Solingen-Zähringen"]
[Site "?"]
[Date "1985.??.??"]
[Round "?.5"]
[White "Miltner, A."]
[Black "Werner, D."]
[Result "1-0"]
[WhiteElo "2280"]
[BlackElo "2365"]
[PlyCount "91"]
[EventDate "1985.??.??"]

1. d4 Nf6 2. Nf3 g6 3. Bf4 Bg7 4. e3 O-O 5. Be2 d6 6. h3 Nbd7 7. O-O Qe8 8. a4
e5 9. Bh2 Ne4 10. Na3 a6 11. Nc4 Qe7 12. c3 Kh8 13. Qc2 f5 14. Rad1 b6 15. Qb3
Bb7 16. dxe5 dxe5 17. Qb4 Nec5 18. a5 e4 19. Rxd7 Qxd7 20. Nfe5 Qe7 21. axb6 a5
22. Qb5 Ba6 23. Qc6 cxb6 24. Qxb6 Rfb8 25. Nxg6+ hxg6 26. Bxb8 Nd3 27. Na3 Kh7
28. Bg3 Qb7 29. Qxb7 Bxb7 30. Bxd3 exd3 31. Rd1 Ba6 32. f3 Ra7 33. Kf2 Rb7 34.
Rd2 Bf8 35. Nb1 a4 36. Be5 Rb3 37. g4 Kg8 38. Kg3 Kf7 39. Kf4 Ke6 40. gxf5+
gxf5 41. Bd4 Bh6+ 42. Kg3 Rb8 43. Kf2 Kd5 44. c4+ Kxc4 45. Nc3 Kb3 46. Nd5 {ZÜ}
1-0

[Event "BL 8485 Solingen-Zähringen"]
[Site "?"]
[Date "1985.??.??"]
[Round "?.6"]
[White "Borngaesser, R."]
[Black "Raupp, T."]
[Result "0-1"]
[WhiteElo "2335"]
[BlackElo "2275"]
[PlyCount "58"]
[EventDate "1985.??.??"]

1. e4 c5 2. Nc3 e6 3. g3 d5 4. exd5 exd5 5. Bg2 Nf6 6. d3 d4 7. Ne4 Nxe4 8.
Bxe4 Bd6 9. Ne2 Nd7 10. O-O Nf6 11. Bg2 O-O 12. h3 Bd7 13. Re1 Qc8 14. Bf4 Bxh3
15. Bxd6 Bxg2 16. Nf4 Qc6 17. Bxf8 Bf3 18. Qd2 Rxf8 19. Nh3 h6 20. Re7 Qc8 21.
Kh2 Ng4+ 22. Kg1 Ne5 23. Kh2 Ng6 24. Ree1 Qf5 25. Nf4 Ne5 26. Nh3 Bc6 27. Rxe5
Qxe5 28. f4 Qh5 29. Re1 Re8 0-1

[Event "BL 8485 Solingen-Zähringen"]
[Site "?"]
[Date "1985.??.??"]
[Round "?.8"]
[White "Meyer, CD."]
[Black "Vogel, R."]
[Result "1-0"]
[WhiteElo "2315"]
[BlackElo "2245"]
[PlyCount "89"]
[EventDate "1985.??.??"]

1. e4 g6 2. d4 Bg7 3. Nf3 d6 4. Nc3 Nf6 5. Be2 O-O 6. O-O Bg4 7. Be3 Nc6 8. Qd2
e5 9. dxe5 dxe5 10. Rad1 Qc8 11. Qc1 Rd8 12. Rxd8+ Qxd8 13. Rd1 Qf8 14. h3 Bxf3
15. Bxf3 Rd8 16. Nb5 Qe7 17. c3 a6 18. Na3 Ne8 19. Qc2 Nd6 20. Qb3 Qh4 21. Bc5
Bf8 22. Qc2 Re8 23. Nb1 Nd8 24. Nd2 Ne6 25. Be3 c6 26. Be2 Nf4 27. Bf1 Qh5 28.
Kh2 g5 29. f3 Qg6 30. Nc4 Re6 31. Nxd6 Bxd6 32. Qb3 b5 33. c4 Rf6 34. cxb5 axb5
35. a4 h5 36. a5 g4 37. a6 gxf3 38. gxf3 h4 39. Bf2 Bc5 40. Qc2 Nxh3 41. Bxh3
Rxf3 42. Qxc5 Qf6 43. Rd8+ Kh7 44. Bf5+ Rxf5 45. exf5 1-0

[Event "BL 8485 Bochum-Koblenz"]
[Site "?"]
[Date "1985.??.??"]
[Round "?.1"]
[White "Schulz, KJ."]
[Black "Heinbuch, D."]
[Result "0-1"]
[WhiteElo "2355"]
[BlackElo "2255"]
[PlyCount "60"]
[EventDate "1985.??.??"]

1. d4 d5 2. c4 dxc4 3. Nf3 Nf6 4. e3 e6 5. Bxc4 a6 6. O-O c5 7. Qe2 b5 8. Bb3
Bb7 9. Rd1 Nbd7 10. e4 cxd4 11. e5 Nd5 12. Rxd4 Qc7 13. Nbd2 Bc5 14. Rg4 h5 15.
Rh4 Be7 16. Rd4 g5 17. Ne4 g4 18. Nfg5 Qxe5 19. Qd1 Nc5 20. f4 gxf3 21. Nxf3
Qc7 22. Bg5 Nxe4 23. Rxe4 Nc3 24. bxc3 Bxe4 25. Bxe7 Kxe7 26. Kh1 Rad8 27. Qe1
Bxf3 28. gxf3 Qf4 29. Qf2 Rd2 30. Qc5+ Kf6 0-1

[Event "BL 8485 Bochum-Koblenz"]
[Site "?"]
[Date "1985.??.??"]
[Round "?.3"]
[White "Doncevic, D."]
[Black "Budde, V."]
[Result "1/2-1/2"]
[WhiteElo "2360"]
[BlackElo "2360"]
[PlyCount "76"]
[EventDate "1985.??.??"]

1. e4 c5 2. c3 d6 3. d4 Nf6 4. Bd3 Nbd7 5. Nf3 e5 6. dxe5 Nxe5 7. Nxe5 dxe5 8.
O-O Be7 9. Qe2 O-O 10. Bc4 Bd7 11. a4 Bc6 12. Nd2 Qc7 13. Rd1 Rad8 14. f3 Nh5
15. Nf1 Nf4 16. Qc2 Rxd1 17. Qxd1 Qa5 18. Qb3 Qd8 19. Bxf4 exf4 20. Bd5 Qb6 21.
Qxb6 axb6 22. Bxc6 bxc6 23. Nd2 Ra8 24. Kf1 Bd8 25. Ke2 b5 26. Kd3 c4+ 27. Kc2
Bb6 28. Kb1 Kf8 29. axb5 Rxa1+ 30. Kxa1 cxb5 31. Nb1 Bc5 32. Ka2 Ke7 33. Na3
Bxa3 34. Kxa3 Kd6 35. Kb4 Kc6 36. Ka5 Kc5 37. Ka6 Kc6 38. Ka5 Kc5 1/2-1/2

[Event "BL 8485 Bochum-Koblenz"]
[Site "?"]
[Date "1985.??.??"]
[Round "?.4"]
[White "Backwinkel, P."]
[Black "Weidemann, J."]
[Result "1-0"]
[WhiteElo "2330"]
[BlackElo "2290"]
[PlyCount "91"]
[EventDate "1985.??.??"]

1. e4 e6 2. d4 d5 3. e5 c5 4. c3 Nc6 5. Nf3 Qb6 6. a3 a5 7. Bd3 Bd7 8. O-O Nge7
9. dxc5 Qc7 10. Re1 Ng6 11. Qe2 Bxc5 12. a4 O-O 13. Na3 Rae8 14. Nb5 Qb8 15.
Be3 Be7 16. Bxg6 fxg6 17. Bb6 Rf4 18. Bc7 Qc8 19. Qe3 Ref8 20. Qb6 g5 21. Nd6
Qa8 22. Re2 Qa6 23. Qxa6 bxa6 24. Ne1 Nd8 25. b3 Bxd6 26. exd6 Nc6 27. Nd3 R4f7
28. Nc5 e5 29. Nxa6 Bg4 30. f3 Bc8 31. Nc5 g4 32. fxg4 Bxg4 33. Ree1 d4 34. h3
Bf5 35. cxd4 exd4 36. g4 Bc2 37. Rac1 d3 38. Nxd3 Bxd3 39. Rxc6 Rf1+ 40. Rxf1
Rxf1+ 41. Kh2 Be4 42. d7 Rf2+ 43. Kg3 Rf3+ 44. Kh4 Rf8 45. Re6 Bg6 46. d8=Q 1-0

[Event "BL 8485 Bochum-Koblenz"]
[Site "?"]
[Date "1985.??.??"]
[Round "?.5"]
[White "Schlick, V."]
[Black "Beckemeyer, W."]
[Result "1-0"]
[WhiteElo "2320"]
[BlackElo "2325"]
[PlyCount "65"]
[EventDate "1985.??.??"]

1. e4 c5 2. Nf3 d6 3. d4 Nf6 4. Nc3 cxd4 5. Nxd4 a6 6. Be2 e5 7. Nb3 Be7 8. Be3
Be6 9. Qd2 b5 10. O-O Nbd7 11. Rfd1 O-O 12. a4 b4 13. Nd5 Nxe4 14. Nxe7+ Qxe7
15. Qxb4 f5 16. a5 Rfb8 17. Bb6 Rc8 18. Rac1 Rc6 19. f3 Nef6 20. Qa4 Rcc8 21.
Qa3 Nd5 22. c4 Nf4 23. Bf1 Rc6 24. Be3 Rac8 25. Bxf4 exf4 26. Nd4 Rc5 27. b4
Re5 28. c5 d5 29. Bxa6 Re3 30. Qa2 Re8 31. Nxe6 Rxe6 32. Qxd5 Nf6 33. Qxe6+ 1-0

[Event "BL 8485 Frechen-Erlangen"]
[Site "?"]
[Date "1985.??.??"]
[Round "?.1"]
[White "Heidrich, M."]
[Black "Ott, W."]
[Result "1/2-1/2"]
[WhiteElo "2260"]
[BlackElo "2300"]
[PlyCount "100"]
[EventDate "1985.??.??"]

1. e4 c5 2. Nf3 Nc6 3. d4 cxd4 4. Nxd4 Nf6 5. Nc3 g6 6. Nxc6 bxc6 7. e5 Ng8 8.
Bc4 Bg7 9. Bf4 Qa5 10. O-O Ba6 11. Bxa6 Qxa6 12. Ne4 Rd8 13. Re1 f5 14. exf6
Nxf6 15. Bd6 Nxe4 16. Rxe4 Bf6 17. Qf3 O-O 18. Qb3+ Rf7 19. Be5 d5 20. Ree1 c5
21. Rad1 d4 22. Bxf6 c4 23. Qf3 Qxf6 24. Qxf6 exf6 25. Re6 Rfd7 26. Kf1 c3 27.
bxc3 dxc3 28. Re8+ Rxe8 29. Rxd7 Rb8 30. Ke2 Rb2 31. Kd3 Rxa2 32. Kxc3 h5 33.
Kb3 Ra1 34. c4 Kf8 35. c5 Ke8 36. Rg7 g5 37. c6 Kd8 38. Rf7 Rh1 39. Kc4 Rxh2
40. Kd5 Rh4 41. Rxa7 Rf4 42. Kd6 Rd4+ 43. Ke6 Rf4 44. f3 g4 45. Kd6 Rd4+ 46.
Kc5 Rd2 47. fxg4 hxg4 48. Rf7 Rxg2 49. Rxf6 g3 50. Rg6 Rc2+ 1/2-1/2

[Event "BL 8485 Frechen-Erlangen"]
[Site "?"]
[Date "1985.??.??"]
[Round "?.2"]
[White "Behling, R."]
[Black "Huenerkopf, H."]
[Result "0-1"]
[WhiteElo "2300"]
[BlackElo "2255"]
[PlyCount "62"]
[EventDate "1985.??.??"]

1. c4 e5 2. Nc3 Nf6 3. Nf3 Nc6 4. e3 Bb4 5. Qc2 Bxc3 6. Qxc3 Qe7 7. a3 a5 8. b4
e4 9. b5 exf3 10. bxc6 fxg2 11. cxd7+ Nxd7 12. Bxg2 Ra6 13. Qxg7 Rf8 14. Qd4
Rg8 15. Bd5 c6 16. Bf3 Ne5 17. Be2 c5 18. Qe4 Re6 19. Bb2 Ng6 20. Qg4 Qd8 21.
Qg3 Ne7 22. Qh4 Qb6 23. O-O-O Qb3 24. Qxh7 Reg6 25. d3 Bd7 26. Qh5 Rg5 27. Qf3
Bg4 28. Qe4 f5 29. Qe6 R5g6 30. Bf6 Rxf6 31. Qxf6 Bxe2 {ZÜ} 0-1